boygenius - Satanist (Lyrics) - Statistics

General Stats
  • This quiz has been taken 146 times
  • The average score is 116 of 161
Answer Stats
Answer % Correct
a
100%
A
100%
be
100%
me?
100%
me
100%
with
100%
you
100%
You
100%
satanist
99%
Will
99%
I
97%
an
96%
The
96%
the
96%
and
94%
in
94%
anarchist
91%
kill
84%
If
82%
so
82%
cars
81%
nihilist
81%
to
81%
on
80%
Sleep
80%
what
80%
At
78%
am
77%
ATM
76%
can
76%
my
76%
nothing
76%
of
75%
when
75%
fake
73%
out
73%
your
73%
find
71%
matters,
71%
off
71%
then
71%
he
70%
initials
70%
is
70%
least
69%
some
69%
until
69%
Until
69%
from
68%
From
68%
Spray
68%
bourgeoisie
67%
paint
67%
relief
67%
dream
66%
Florida
66%
that's
66%
buy
65%
home
65%
man,
65%
wrote
65%
holy
63%
Vacation
63%
had
62%
old
62%
soul
62%
TV
62%
devil's
61%
stupidity
61%
known,
60%
Solomon
60%
Mortgage
59%
point
59%
burn
58%
smash
58%
collateral,
57%
repossessing
57%
off-brand
55%
we'll
55%
cash
54%
becomes
53%
far
53%
treat
53%
wonder
53%
ourselves
52%
score
52%
seen
51%
Trying
51%
away
49%
even
49%
void
47%
"Ecclesiastes"
45%
bore,
43%
self-belief
43%
it
40%
ecstacy
38%
edge
32%
seismic
32%
continent
31%
over
31%
drift
30%
back
29%
It's
29%
come
28%
pull
28%
Leaning
27%
hang
26%
hard
26%
under,
26%
under
26%
slow
24%
drags
19%
No matching quizzes found
Score Distribution
Percent of People with Each Score
Percentile by Number Answered
Your Score History
You have not taken this quiz